000 01314nab a22002657a 4500
999 _c5915
_d5915
003 OSt
005 20260114005652.0
008 190605e xxu||||| |||| 00| 0 spa d
040 _cPJ
100 _94558
_aLitterio, Liliana Hebe
245 1 3 _aLa "presunción de no existencia de contrato de trabajo" del DNU 70/2023 /
_cLiliana Hebe Litterio.
260 _aCiudad Autónoma de Buenos Aires :
_bThomson Reuters La Ley,
_c2024.
300 _ap. 5-8
500 _aCita: TR LALEY AR/DOC/3231/2023.
505 _aSumario: I. Introducción a una nueva necesidad y urgencia inexistentes.— II. La presunción antes y después del DNU.— III. Los cinco independientes dependientes de un independiente.— IV. Una muy breve reflexión final sobre el retaceo de la presunción de la LCT.
505 _t¿Te interesa el texto completo? Solicitalo al correo: koha@justierradelfuego.gov.ar
650 0 _91316
_aDERECHO LABORAL
650 0 _9200
_aDECRETOS DE NECESIDAD Y URGENCIA
650 0 _94597
_aCONSTITUCIONALIDAD
650 0 _91323
_aCONTRATO DE TRABAJO
650 0 _91382
_aINDEMNIZACION
650 0 _91534
_aINDEMNIZACION POR DESPIDO
773 0 _02711
_93168
_dCiudad Autónoma de Buenos Aires : Thomson Reuters La Ley, 1999-2002.
_tRevista de derecho del trabajo. Nº 1 - Enero 2024
942 _2udc
_cANA